Good practices for the meat industry

保存先:
書誌詳細
フォーマット: 図書
言語:Undetermined
出版事項: Rome Food and Agriculture Organization Of The United Nations Foudation Internationale Carrefour 2004
主題:
タグ: タグ追加
タグなし, このレコードへの初めてのタグを付けませんか!
Thư viện lưu trữ: Trung tâm Học liệu Trường Đại học Cần Thơ
LEADER 00520nam a2200169Ia 4500
001 CTU_76188
008 210402s9999 xx 000 0 und d
082 |a 664.9 
082 |b G646 
245 0 |a Good practices for the meat industry 
245 0 |c FAO 
260 |a Rome 
260 |b Food and Agriculture Organization Of The United Nations Foudation Internationale Carrefour 
260 |c 2004 
650 |a Meat industry and trade 
904 |i Mai Loan,Hải 
980 |a Trung tâm Học liệu Trường Đại học Cần Thơ